00486nam a2200181 a 4500001001300000003000900013005001700022008004100039020001000080082001600090100001900106245004100125260004000166300000900206500003500215650003500250700001900285nice12345678IN_TiNIC20260116012547.0070620s1975 chea grp 000 0 urd  ac10000a922.97bNAV aNaveed, Saidiq aHaroon Khan Sherwani Ki Urdu Khidmat aChennai bLilly Soosai Opset c1975 a196p aincludes index and biblioraphy aHaroon Khan Sherwani-Biography1 aNaveed, Saidiq